Hát mãi khúc quân hành Tuyển tập bài ca người lính

Guardat en:
Dades bibliogràfiques
Format: Llibre
Idioma:Undetermined
Publicat: Tp. HCM Trẻ 1998
Matèries:
Etiquetes: Afegir etiqueta
Sense etiquetes, Sigues el primer a etiquetar aquest registre!
Thư viện lưu trữ: Trung tâm Học liệu Trường Đại học Cần Thơ
LEADER 00440nam a2200157Ia 4500
001 CTU_42168
008 210402s9999 xx 000 0 und d
082 |a 782.42 
082 |b T527 
245 0 |a Hát mãi khúc quân hành 
245 0 |b Tuyển tập bài ca người lính 
260 |a Tp. HCM 
260 |b Trẻ 
260 |c 1998 
650 |a songs, vietnamese 
980 |a Trung tâm Học liệu Trường Đại học Cần Thơ